<?xml version="1.0" encoding="UTF-8"?>
<collection xmlns:xsi="http://www.w3.org/2001/XMLSchema-instance" xsi:schemaLocation="http://www.loc.gov/MARC21/slim http://www.loc.gov/standards/marcxml/schema/MARC21slim.xsd" xmlns="http://www.loc.gov/MARC21/slim">
 <record>
  <leader>00000cab a22000004cb4500</leader>
  <controlfield tag="001">IPP-00000575091</controlfield>
  <controlfield tag="003">IPP</controlfield>
  <controlfield tag="005">20210601151530.0</controlfield>
  <controlfield tag="008">210601s2019    xx     d | ||r |||||eng||</controlfield>
  <datafield tag="041" ind1="#" ind2="#">
   <subfield code="a">eng</subfield>
  </datafield>
  <datafield tag="100" ind1="1" ind2="#">
   <subfield code="a">De Dios, Emmanuel S.</subfield>
  </datafield>
  <datafield tag="245" ind1="1" ind2="0">
   <subfield code="a">What the new institutional economics owes Marx</subfield>
   <subfield code="c">What the new institutional economics owes Marx</subfield>
  </datafield>
  <datafield tag="264" ind1="#" ind2="1">
   <subfield code="c">2019</subfield>
  </datafield>
  <datafield tag="520" ind1="#" ind2="#">
   <subfield code="a">The bicentennial of Marx’s birth (2018) and the earlier sesquicentennial of Capital’s publication (2017) are opportunities to examine aspects of new institutional economics and incentive theory with an affinity to or origin in concepts first put forward by Marx. A major idea pertains to industrial organization and the theory of the firm. We compare Marxian and new-institutional insights and conversely attempt to interpret some of Marx’s ideas from a new-institutional viewpoint.</subfield>
  </datafield>
  <datafield tag="650" ind1="1" ind2="0">
   <subfield code="a">Marx, Karl, 1818-1883</subfield>
  </datafield>
  <datafield tag="650" ind1="2" ind2="0">
   <subfield code="a">Marxian economics</subfield>
  </datafield>
  <datafield tag="650" ind1="2" ind2="0">
   <subfield code="a">Institutional economics</subfield>
  </datafield>
  <datafield tag="773" ind1="0" ind2="#">
   <subfield code="t">Philippine Review of Economics</subfield>
   <subfield code="g">Vol. LVI, no. 1 &amp; 2 (Jun. 2019 - Dec. 2019), 257-278</subfield>
  </datafield>
  <datafield tag="852" ind1="#" ind2="#">
   <subfield code="a">UPD</subfield>
   <subfield code="b">DECON</subfield>
  </datafield>
  <datafield tag="942" ind1="#" ind2="#">
   <subfield code="a">Article</subfield>
  </datafield>
  <datafield tag="950" ind1="#" ind2="#">
   <subfield code="a">FI</subfield>
  </datafield>
 </record>
</collection>
